[Event "4NCL9495 2nd Season"]
[Site "Various Venues"]
[Date "1995.03.19"]
[Round "10.1"]
[White "Hennigan, Michael"]
[Black "Chandler, Murray G"]
[Result "1-0"]
[WhiteElo "2410"]
[BlackElo "2535"]
[PlyCount "55"]
[EventDate "1994.10.01"]
[EventType "team-tourn"]
[EventRounds "11"]
[EventCountry "GBR"]
[SourceTitle "BritBase"]
[SourceDate "2020.05.17"]
[SourceVersion "1"]
[SourceVersionDate "2020.05.17"]
[SourceQuality "1"]
[WhiteTeam "Slough"]
[BlackTeam "BCM"]
[WhiteTeamCountry "ENG"]
[BlackTeamCountry "ENG"]

1. e4 c5 2. Nf3 e6 3. d4 cxd4 4. Nxd4 Nf6 5. Nc3 Nc6 6. Nxc6 bxc6 7. e5 Nd5 8.
Ne4 Qc7 9. f4 Qb6 10. c4 Bb4+ 11. Ke2 f5 12. Nf2 Ba6 13. Kf3 Ne7 14. Be3 Bc5
15. Bxc5 Qxc5 16. Qd6 Qb6 17. b3 c5 18. Rd1 Bb7+ 19. Kg3 Qd8 20. Nd3 g5 21.
Nxc5 gxf4+ 22. Kf2 Bc6 23. Be2 h5 24. Bf3 Rc8 25. Nxe6 dxe6 26. Bxc6+ Kf7 27.
Bd7 Rh6 28. Bxe6+ 1-0

[Event "4NCL9495 2nd Season"]
[Site "Various Venues"]
[Date "1995.03.19"]
[Round "10.2"]
[White "Bellin, Robert"]
[Black "Summerscale, Aaron"]
[Result "1/2-1/2"]
[WhiteElo "2400"]
[BlackElo "2435"]
[PlyCount "88"]
[EventDate "1994.10.01"]
[EventType "team-tourn"]
[EventRounds "11"]
[EventCountry "GBR"]
[SourceTitle "BritBase 13May2020"]
[SourceDate "2020.05.13"]
[SourceVersionDate "2020.05.13"]
[WhiteTeam "BCM"]
[BlackTeam "Slough"]
[WhiteTeamCountry "ENG"]
[BlackTeamCountry "ENG"]

1. e4 d6 2. d4 Nf6 3. Nc3 c6 4. Nf3 Bg4 5. Be2 e6 6. O-O d5 7. Bg5 Be7 8. e5
Nfd7 9. Bxe7 Qxe7 10. Nd2 Bxe2 11. Qxe2 a6 12. Nb3 c5 13. dxc5 Nc6 14. f4 Nxc5
15. Qf2 Nd7 16. Ne2 Rc8 17. c3 g6 18. Rae1 O-O 19. Qe3 b5 20. a3 a5 21. Ned4
Nxd4 22. Nxd4 b4 23. cxb4 axb4 24. Rc1 bxa3 25. Nc6 Qe8 26. Qxa3 Kg7 27. Qd6
Nb8 28. Nd4 Qd7 29. Qb6 Qd8 30. Qb7 Qd7 31. Qb6 Rxc1 32. Rxc1 Rc8 33. Rxc8 Qxc8
34. Kf2 Qc4 35. b3 Qd3 36. g3 Na6 37. Qa7 Qd2+ 38. Kf3 Qc3+ 39. Kg4 Nc5 40. Nb5
Qc2 41. Nd6 Qe2+ 42. Kh3 Qh5+ 43. Kg2 Qe2+ 44. Kh3 Qh5+ 1/2-1/2

[Event "4NCL9495 2nd Season"]
[Site "Various Venues"]
[Date "1995.03.19"]
[Round "10.3"]
[White "Cummings, David H"]
[Black "Cafferty, Bernard"]
[Result "0-1"]
[WhiteElo "2375"]
[BlackElo "2290"]
[PlyCount "76"]
[EventDate "1994.10.01"]
[EventType "team-tourn"]
[EventRounds "11"]
[EventCountry "GBR"]
[SourceTitle "BritBase"]
[SourceDate "2020.05.17"]
[SourceVersion "1"]
[SourceVersionDate "2020.05.17"]
[SourceQuality "1"]
[WhiteTeam "Slough"]
[BlackTeam "BCM"]
[WhiteTeamCountry "ENG"]
[BlackTeamCountry "ENG"]

1. d4 Nf6 2. c4 e6 3. Nc3 Bb4 4. e3 b6 5. Nge2 Ne4 6. Bd2 Nxd2 7. Qxd2 Bb7 8.
a3 Be7 9. Nf4 d6 10. Be2 Nd7 11. O-O O-O 12. b4 Bg5 13. d5 Qe7 14. Rac1 Nf6 15.
Nh5 Nxh5 16. Bxh5 Bh6 17. f4 e5 18. Rce1 Rae8 19. Bd1 Ba6 20. b5 Bc8 21. f5 Qh4
22. Qe2 e4 23. Bc2 Re5 24. g4 Rfe8 25. Qg2 g6 26. fxg6 hxg6 27. Nxe4 Bg7 28. h3
f5 29. Nd2 fxg4 30. hxg4 Bxg4 31. Qf2 Qxf2+ 32. Kxf2 Bh6 33. Kg3 Bh5 34. Rf6
Rxe3+ 35. Rxe3 Rxe3+ 36. Kf2 Kg7 37. Re6 Rxe6 38. dxe6 Bxd2 0-1

[Event "4NCL9495 2nd Season"]
[Site "Various Venues"]
[Date "1995.03.19"]
[Round "10.4"]
[White "Bellin, Jana"]
[Black "Houska, Miroslav"]
[Result "0-1"]
[WhiteElo "2210"]
[BlackElo "2245"]
[PlyCount "48"]
[EventDate "1994.10.01"]
[EventType "team-tourn"]
[EventRounds "11"]
[EventCountry "GBR"]
[SourceTitle "BritBase 13May2020"]
[SourceDate "2020.05.13"]
[SourceVersionDate "2020.05.13"]
[WhiteTeam "BCM"]
[BlackTeam "Slough"]
[WhiteTeamCountry "ENG"]
[BlackTeamCountry "ENG"]

1. d4 d6 2. Nf3 f5 3. c4 Nf6 4. Nc3 g6 5. Bg5 Bg7 6. Qd2 Ne4 7. Nxe4 fxe4 8.
Ng1 Nc6 9. e3 Qd7 10. Ne2 O-O 11. Bh4 e6 12. Nc3 d5 13. Be2 Ne7 14. cxd5 exd5
15. Bxe7 Qxe7 16. Nxd5 Qf7 17. Nf4 g5 18. Bh5 Qf5 19. g4 Qb5 20. Ne2 c5 21. Nc3
Qc4 22. dxc5 Be6 23. Rd1 Bf6 24. Nd5 Be5 {... rest of the score (in Spanish
descriptive notation!) doesn't make sense... 34 moves} 0-1

[Event "4NCL9495 2nd Season"]
[Site "Various Venues"]
[Date "1995.03.19"]
[Round "10.5"]
[White "Richardson, John R"]
[Black "Wade, Robert Graham"]
[Result "1-0"]
[WhiteElo "2290"]
[BlackElo "2295"]
[PlyCount "49"]
[EventDate "1994.10.01"]
[EventType "team-tourn"]
[EventRounds "11"]
[EventCountry "GBR"]
[SourceTitle "BritBase 14May2020"]
[SourceDate "2020.05.14"]
[SourceVersionDate "2020.05.14"]
[WhiteTeam "Slough"]
[BlackTeam "BCM"]
[WhiteTeamCountry "ENG"]
[BlackTeamCountry "ENG"]

1. d4 d6 2. c4 e5 3. Nf3 e4 4. Ng5 f5 5. Nc3 Be7 6. Nh3 Bf6 7. Nd5 Nc6 8. e3
Nh6 9. Nhf4 O-O 10. Nh5 Be7 11. Be2 g6 12. Nhf4 Bg5 13. b3 Ne7 14. h4 Nxd5 15.
hxg5 Nc3 16. Qd2 Nxe2 17. Qxe2 Nf7 18. Bb2 c6 19. O-O-O Qa5 20. Rxh7 Kxh7 21.
Rh1+ Kg7 22. Nh5+ gxh5 23. Qxh5 Rg8 24. g6 Be6 25. gxf7 1-0

[Event "4NCL9495 2nd Season"]
[Site "Various Venues"]
[Date "1995.03.19"]
[Round "10.6"]
[White "Gough, Michael J"]
[Black "Smith, Andrew Philip"]
[Result "0-1"]
[WhiteElo "2170"]
[BlackElo "2280"]
[PlyCount "98"]
[EventDate "1994.10.01"]
[EventType "team-tourn"]
[EventRounds "11"]
[EventCountry "GBR"]
[SourceTitle "BritBase 14May2020"]
[SourceDate "2020.05.14"]
[SourceVersionDate "2020.05.14"]
[WhiteTeam "BCM"]
[BlackTeam "Slough"]
[WhiteTeamCountry "ENG"]
[BlackTeamCountry "ENG"]

1. d4 d6 2. c4 Nd7 3. Nc3 h6 4. e4 e5 5. Nf3 c6 6. g3 Be7 7. Bg2 Ngf6 8. O-O
O-O 9. h3 a6 10. a4 b6 11. Re1 Bb7 12. d5 cxd5 13. cxd5 Nh7 14. Be3 Rc8 15. Nd2
Bg5 16. Qe2 Bxe3 17. Qxe3 Nhf6 18. Kh2 Re8 19. Bf1 Rc5 20. Nb3 Rc7 21. Rec1 Qe7
22. Na2 Rec8 23. Rxc7 Rxc7 24. Nb4 a5 25. Nd3 Qd8 26. Ne1 Qc8 27. Bd3 Nc5 28.
Nxc5 Rxc5 29. Nf3 Ba6 30. Nd2 Bxd3 31. Qxd3 Rc2 32. Rb1 Qc5 33. Kg2 g6 34. b3
h5 35. Rf1 Rc3 36. Qe2 Qd4 37. Nc4 Qxe4+ 38. Qxe4 Nxe4 39. Nxb6 Rxb3 40. Nc4
Rb4 41. Nxa5 Rxa4 42. Nc6 Ra2 43. Kg1 Rd2 44. Kg2 Kf8 45. Kf3 Ng5+ 46. Ke3 Rxd5
47. f4 exf4+ 48. gxf4 Ne6 49. Nb4 Rb5 0-1

[Event "4NCL9495 2nd Season"]
[Site "Various Venues"]
[Date "1995.03.19"]
[Round "10.7"]
[White "Webb, Richard M"]
[Black "Anderton, David W"]
[Result "1/2-1/2"]
[WhiteElo "2320"]
[BlackElo "2230"]
[PlyCount "54"]
[EventDate "1994.10.01"]
[EventType "team-tourn"]
[EventRounds "11"]
[EventCountry "GBR"]
[SourceTitle "BritBase 13May2020"]
[SourceDate "2020.05.13"]
[SourceVersionDate "2020.05.13"]
[WhiteTeam "Slough"]
[BlackTeam "BCM"]
[WhiteTeamCountry "ENG"]
[BlackTeamCountry "ENG"]

1. e4 e6 2. d4 d5 3. Nd2 Nf6 4. e5 Nfd7 5. f4 c5 6. c3 Nc6 7. Ndf3 Qb6 8. g3
cxd4 9. cxd4 Be7 10. Kf2 f6 11. Kg2 O-O 12. Bd3 f5 13. Ne2 Qd8 14. h3 Nb6 15.
a3 a5 16. b3 Bd7 17. g4 a4 18. b4 Rc8 19. gxf5 exf5 20. Rg1 Kh8 21. Kh2 Qe8 22.
Ra2 Nd8 23. Ng3 Nc4 24. Rag2 Rc6 25. Nf1 Ne6 26. Ng3 Nc7 27. Nf1 Ne6 1/2-1/2

[Event "4NCL9495 2nd Season"]
[Site "Various Venues"]
[Date "1995.03.19"]
[Round "10.8"]
[White "Wareing, John P"]
[Black "Houska, Jovanka"]
[Result "0-1"]
[WhiteElo "1900"]
[BlackElo "2015"]
[PlyCount "118"]
[EventDate "1994.10.01"]
[EventType "team-tourn"]
[EventRounds "11"]
[EventCountry "GBR"]
[SourceTitle "BritBase 14May2020"]
[SourceDate "2020.05.14"]
[SourceVersionDate "2020.05.14"]
[WhiteTeam "BCM"]
[BlackTeam "Slough"]
[WhiteTeamCountry "ENG"]
[BlackTeamCountry "ENG"]

1. e4 d5 2. exd5 Nf6 3. Nc3 Nxd5 4. Nxd5 Qxd5 5. Nf3 Bg4 6. Be2 Nc6 7. O-O e6
8. d4 O-O-O 9. Be3 Bd6 10. h3 h5 11. c4 Qf5 12. Nh4 Bxe2 13. Nxf5 Bxd1 14.
Nxd6+ Rxd6 15. Rfxd1 Rhd8 16. d5 exd5 17. cxd5 Rxd5 18. Rxd5 Rxd5 19. Rc1 Kd7
20. g3 a6 21. h4 g6 22. Kg2 Nb4 23. Bf4 c6 24. Bg5 Nd3 25. Rc3 Ke6 26. Rb3 Nc5
27. Re3+ Re5 28. Rf3 Nd7 29. Rb3 b6 30. Bf4 Rb5 31. Re3+ Ne5 32. b3 f6 33. Bh6
Kf7 34. Rc3 Rd5 35. Be3 b5 36. Bb6 Rd2 37. a3 Ke6 38. Kf1 Kd5 39. Rc5+ Kd6 40.
Rc3 Rd3 41. Rxd3+ Nxd3 42. Bd4 f5 43. b4 c5 44. bxc5+ Nxc5 45. Ke2 Kd5 46. Bf6
Kc4 47. Be7 a5 48. Bd8 b4 49. axb4 axb4 50. Kd1 Kb3 51. Be7 Ne4 52. Ke2 Kc3 53.
f3 Nxg3+ 54. Kf2 f4 55. Bd6 Nf5 56. Bxf4 b3 57. Be5+ Kc2 58. f4 b2 59. Bxb2
Kxb2 0-1

[Event "4NCL9495 2nd Season"]
[Site "Various Venues"]
[Date "1995.03.19"]
[Round "10.1"]
[White "Pritchett, Craig William"]
[Black "King, Daniel J"]
[Result "0-1"]
[WhiteElo "2345"]
[BlackElo "2500"]
[PlyCount "130"]
[EventDate "1994.10.01"]
[EventType "team-tourn"]
[EventRounds "11"]
[EventCountry "GBR"]
[SourceTitle "BritBase 14May2020"]
[SourceDate "2020.05.14"]
[SourceVersionDate "2020.05.14"]
[WhiteTeam "Barbican"]
[BlackTeam "Na Fianna"]
[WhiteTeamCountry "ENG"]
[BlackTeamCountry "IRL"]

1. e4 c5 2. Nf3 d6 3. d4 cxd4 4. Nxd4 Nf6 5. Nc3 a6 6. a4 g6 7. Be2 Bg7 8. O-O
O-O 9. Bg5 Nc6 10. Nb3 Be6 11. Kh1 h6 12. Bh4 g5 13. Bg3 d5 14. exd5 Nxd5 15.
Nxd5 Bxd5 16. c3 Rc8 17. Re1 f5 18. f3 Bf7 19. Nc5 Na5 20. Bf2 Qd6 21. Qxd6
exd6 22. Nd3 Rfe8 23. Bf1 f4 24. g3 fxg3 25. hxg3 Nc4 26. Bh3 Rcd8 27. Rxe8+
Rxe8 28. Re1 Rxe1+ 29. Bxe1 Kf8 30. Bf5 Bd5 31. Be4 Bxe4 32. fxe4 Ke7 33. Kg2
Ke6 34. Kf3 h5 35. Ke2 Ne5 36. Nb4 Nc4 37. Nd3 Bh6 38. b3 Na5 39. b4 Nc4 40.
Bf2 Bg7 41. Bd4 Be5 42. Kf2 b6 43. Kf3 d5 44. Nxe5 Nxe5+ 45. Ke2 b5 46. axb5
axb5 47. Ke3 Nc4+ 48. Kd3 Nd6 49. exd5+ Kxd5 50. Be3 Ne4 51. Bc1 h4 52. gxh4
gxh4 53. Bf4 h3 54. Ke3 Nxc3 55. Kf3 Ne4 56. Kg4 Kc4 57. Kxh3 Kxb4 58. Kg4 Kc4
59. Kf5 Kd3 60. Ke5 b4 61. Kd5 b3 62. Bc1 Kc2 63. Ba3 Nc3+ 64. Kc4 Nb1 65. Bc1
Nd2+ 0-1

[Event "4NCL9495 2nd Season"]
[Site "Various Venues"]
[Date "1995.03.19"]
[Round "10.2"]
[White "Kinsman, Andrew PH"]
[Black "Britton, Richard"]
[Result "0-1"]
[WhiteElo "2355"]
[BlackElo "2320"]
[PlyCount "56"]
[EventDate "1994.10.01"]
[EventType "team-tourn"]
[EventRounds "11"]
[EventCountry "GBR"]
[SourceTitle "BritBase 13May2020"]
[SourceDate "2020.05.13"]
[SourceVersionDate "2020.05.13"]
[WhiteTeam "Na Fianna"]
[BlackTeam "Barbican"]
[WhiteTeamCountry "IRL"]
[BlackTeamCountry "ENG"]

1. d4 Nf6 2. Bg5 e6 3. e4 h6 4. Bxf6 Qxf6 5. Nc3 d6 6. Qd2 g5 7. h4 g4 8. f4
gxf3 9. Nxf3 Nc6 10. Bb5 Bd7 11. O-O Qe7 12. Nd5 exd5 13. exd5 Ne5 14. Bxd7+
Qxd7 15. dxe5 O-O-O 16. c4 Qg4 17. Qe3 Rg8 18. Rf2 Kb8 19. Rc1 Re8 20. b4 dxe5
21. c5 Qxb4 22. c6 Bd6 23. Nd2 e4 24. Rc4 Qb2 25. Nxe4 Qb1+ 26. Rf1 Bh2+ 27.
Kf2 Qxa2+ 28. Qe2 Rxg2+ 0-1

[Event "4NCL9495 2nd Season"]
[Site "Various Venues"]
[Date "1995.03.19"]
[Round "10.3"]
[White "Duncan, Christopher R"]
[Black "Holland, Christopher"]
[Result "1-0"]
[WhiteElo "2310"]
[BlackElo "2275"]
[PlyCount "68"]
[EventDate "1994.10.01"]
[EventType "team-tourn"]
[EventRounds "11"]
[EventCountry "GBR"]
[SourceTitle "BritBase 14May2020"]
[SourceDate "2020.05.14"]
[SourceVersionDate "2020.05.14"]
[WhiteTeam "Barbican"]
[BlackTeam "Na Fianna"]
[WhiteTeamCountry "ENG"]
[BlackTeamCountry "IRL"]

1. c4 e5 2. Nc3 Bb4 3. Nd5 Be7 4. d4 d6 5. e4 Nf6 6. Nxe7 Qxe7 7. f3 Nh5 8. Be3
O-O 9. g4 Nf4 10. h4 c6 11. Qd2 h5 12. Bxf4 exf4 13. Qxf4 d5 14. O-O-O dxe4 15.
fxe4 Bxg4 16. Be2 Nd7 17. Bxg4 hxg4 18. Ne2 c5 19. d5 Qe5 20. Qxe5 Nxe5 21. b3
Rad8 22. Ng3 Rfe8 23. Kd2 Rd6 24. Ke3 Rf6 25. Rdf1 Rxf1 26. Rxf1 f6 27. Kf4 g6
28. h5 Kg7 29. hxg6 Kxg6 30. Rh1 b6 31. Nf5 Rd8 32. Rh6+ Kf7 33. Rh7+ Kg6 34.
Rg7+ Kh5 {... 36 moves} 1-0

[Event "4NCL9495 2nd Season"]
[Site "Various Venues"]
[Date "1995.03.19"]
[Round "10.4"]
[White "Wallace, Paul Anthony"]
[Black "Piper, Matthew"]
[Result "0-1"]
[WhiteElo "2230"]
[BlackElo "2285"]
[PlyCount "61"]
[EventDate "1994.10.01"]
[EventType "team-tourn"]
[EventRounds "11"]
[EventCountry "GBR"]
[SourceTitle "BritBase 13May2020"]
[SourceDate "2020.05.13"]
[SourceVersionDate "2020.05.13"]
[WhiteTeam "Na Fianna"]
[BlackTeam "Barbican"]
[WhiteTeamCountry "IRL"]
[BlackTeamCountry "ENG"]

1. e4 e5 2. Nc3 Nf6 3. f4 d5 4. fxe5 Nxe4 5. Nf3 Be7 6. Qe2 Nxc3 7. dxc3 O-O 8.
Bf4 c6 9. Qd2 Nd7 10. O-O-O Nc5 11. Bd3 Qa5 12. Kb1 Be6 13. Nd4 Nxd3 14. Qxd3
Rad8 15. h4 Qc7 16. g4 Bxg4 17. Rdg1 h5 18. Nf5 Qd7 19. Ne3 f5 20. exf6 Rxf6
21. Nxg4 hxg4 22. Bg5 Rf7 23. a3 Rdf8 24. Ka2 Bc5 25. Be3 Rf3 26. Bxc5 Rxd3 27.
cxd3 Rf3 28. Rh2 Rxd3 29. Rhg2 b6 30. Bd4 c5 31. Be5 0-1

[Event "4NCL9495 2nd Season"]
[Site "Various Venues"]
[Date "1995.03.19"]
[Round "10.5"]
[White "Coleman, David J"]
[Black "Clarke, Thomas M"]
[Result "0-1"]
[WhiteElo "2240"]
[BlackElo "2215"]
[PlyCount "40"]
[EventDate "1994.10.01"]
[EventType "team-tourn"]
[EventRounds "11"]
[EventCountry "GBR"]
[SourceTitle "BritBase"]
[SourceDate "2020.05.17"]
[SourceVersion "1"]
[SourceVersionDate "2020.05.17"]
[SourceQuality "1"]
[WhiteTeam "Barbican"]
[BlackTeam "Na Fianna"]
[WhiteTeamCountry "ENG"]
[BlackTeamCountry "IRL"]

1. e4 e6 2. d4 d5 3. Nc3 Bb4 4. e5 c5 5. a3 Bxc3+ 6. bxc3 Qc7 7. Qg4 Ne7 8. Bd3
b6 9. Qxg7 Rg8 10. Qxh7 cxd4 11. Ne2 dxc3 12. Bf4 Bb7 13. Ng3 Nd7 14. Nh5 O-O-O
15. Qxf7 Nc5 16. Bh7 Rdf8 17. Bxg8 Rxf7 18. Bxf7 Nf5 19. Bg8 Nh6 20. Bxh6 Qxe5+
0-1

[Event "4NCL9495 2nd Season"]
[Site "Various Venues"]
[Date "1995.03.19"]
[Round "10.6"]
[White "McMichael, Richard"]
[Black "Kenworthy, Gary"]
[Result "1/2-1/2"]
[WhiteElo "2300"]
[BlackElo "2290"]
[PlyCount "59"]
[EventDate "1994.10.01"]
[EventType "team-tourn"]
[EventRounds "11"]
[EventCountry "GBR"]
[SourceTitle "BritBase 11May2020"]
[SourceDate "2020.05.11"]
[SourceVersionDate "2020.05.11"]
[WhiteTeam "Na Fianna"]
[BlackTeam "Barbican"]
[WhiteTeamCountry "IRL"]
[BlackTeamCountry "ENG"]

1. b3 e5 2. Bb2 Nc6 3. e3 d6 4. c4 g6 5. Nf3 Bg7 6. Be2 Nf6 7. d4 O-O 8. Nc3
Qe7 9. h3 Re8 10. a3 exd4 11. Nxd4 Bd7 12. O-O Rab8 13. Rc1 a6 14. b4 Ne5 15.
Nd5 Qd8 16. Qc2 c5 17. bxc5 dxc5 18. Nf3 Bf5 19. Qb3 Nxd5 20. cxd5 c4 21. Qb4
Nd3 22. Bxd3 Bxd3 23. Bxg7 Kxg7 24. Rfd1 Qxd5 25. Ne1 Rbd8 26. Nxd3 cxd3 27.
Rc5 Qa2 28. Qc3+ Kg8 29. Rd2 Qb1+ 30. Kh2 1/2-1/2

[Event "4NCL9495 2nd Season"]
[Site "Various Venues"]
[Date "1995.03.19"]
[Round "10.8"]
[White "O'Siochru, Mairead Maura"]
[Black "Seymour, Jane F"]
[Result "1/2-1/2"]
[WhiteElo "2045"]
[BlackElo "2040"]
[PlyCount "21"]
[EventDate "1994.10.01"]
[EventType "team-tourn"]
[EventRounds "11"]
[EventCountry "GBR"]
[SourceTitle "BritBase 11May2020"]
[SourceDate "2020.05.11"]
[SourceVersionDate "2020.05.11"]
[WhiteTeam "Na Fianna"]
[BlackTeam "Barbican"]
[WhiteTeamCountry "IRL"]
[BlackTeamCountry "ENG"]

1. c4 Nf6 2. Nc3 e6 3. g3 d5 4. cxd5 exd5 5. d4 c6 6. Bg2 Bf5 7. Nf3 h6 8. O-O
Bd6 9. Nd2 O-O 10. e4 dxe4 11. Ndxe4 1/2-1/2

[Event "4NCL9495 2nd Season"]
[Site "Various Venues"]
[Date "1995.03.19"]
[Round "10.1"]
[White "Karlsson, Agust Sindri"]
[Black "Bates, Richard A"]
[Result "0-1"]
[WhiteElo "2315"]
[BlackElo "2355"]
[PlyCount "84"]
[EventDate "1994.10.01"]
[EventType "team-tourn"]
[EventRounds "11"]
[EventCountry "GBR"]
[SourceTitle "BritBase 11May2020"]
[SourceDate "2020.05.11"]
[SourceVersionDate "2020.05.11"]
[WhiteTeam "Bristol"]
[BlackTeam "Covent Garden"]
[WhiteTeamCountry "ENG"]
[BlackTeamCountry "ENG"]

1. e4 c5 2. Nf3 d6 3. Bb5+ Bd7 4. Bxd7+ Nxd7 5. d4 cxd4 6. Qxd4 Ngf6 7. O-O e6
8. c4 Qc7 9. Nc3 a6 10. b3 Be7 11. Bb2 O-O 12. h3 Rad8 13. Qe3 Rfe8 14. Kh1 Bf8
15. Rae1 Ne5 16. Nd4 d5 17. f4 Nc6 18. cxd5 exd5 19. e5 Qb6 20. Na4 Qa7 21.
Nxc6 Qxe3 22. Rxe3 bxc6 23. Rc1 c5 24. Nxc5 Bxc5 25. Rxc5 Ne4 26. Ra5 Re6 27.
Kh2 Rc6 28. Re2 h5 29. g3 Rdc8 30. Bd4 Rc2 31. Rg2 Nd2 32. g4 h4 33. Rf2 Nf3+
34. Kg2 Nxd4 35. Rxd5 Ne6 36. Rxc2 Rxc2+ 37. Kf3 Rxa2 38. g5 g6 39. Rd6 Ra3 40.
Kg4 Ng7 41. Rd8+ Kh7 42. Kxh4 Nf5+ 0-1

[Event "4NCL9495 2nd Season"]
[Site "Various Venues"]
[Date "1995.03.19"]
[Round "10.2"]
[White "Burgess, Graham"]
[Black "Wall, Gavin"]
[Result "1/2-1/2"]
[WhiteElo "2260"]
[BlackElo "2275"]
[PlyCount "64"]
[EventDate "1994.10.01"]
[EventType "team-tourn"]
[EventRounds "11"]
[EventCountry "GBR"]
[SourceTitle "BritBase 13May2020"]
[SourceDate "2020.05.13"]
[SourceVersionDate "2020.05.13"]
[WhiteTeam "Covent Garden"]
[BlackTeam "Bristol"]
[WhiteTeamCountry "ENG"]
[BlackTeamCountry "ENG"]

1. d4 f5 2. Bg5 g6 3. Nc3 Nh6 4. e4 Nf7 5. Be3 fxe4 6. Nxe4 Bg7 7. Nf3 O-O 8.
Bd3 Nc6 9. c3 d5 10. Neg5 Qd6 11. Nxf7 Rxf7 12. Ng5 Rf6 13. Qb3 Na5 14. Qa4 b6
15. b4 Nb7 16. Qb3 Bf5 17. Ba6 Nd8 18. O-O c6 19. c4 e6 20. Rac1 Rb8 21. cxd5
exd5 22. b5 h6 23. Nf3 Kh7 24. bxc6 Nxc6 25. Bb5 Na5 26. Qa4 Rf7 27. Ne5 Bxe5
28. dxe5 Qe6 29. Qh4 g5 30. Bxg5 Rg8 31. Bf6 Rg4 32. Qh3 Nc4 1/2-1/2

[Event "4NCL9495 2nd Season"]
[Site "Various Venues"]
[Date "1995.03.19"]
[Round "10.3"]
[White "Beaumont, Chris"]
[Black "Harley, Andrew D"]
[Result "1-0"]
[WhiteElo "2350"]
[BlackElo "2285"]
[PlyCount "113"]
[EventDate "1994.10.01"]
[EventType "team-tourn"]
[EventRounds "11"]
[EventCountry "GBR"]
[SourceTitle "BritBase 14May2020"]
[SourceDate "2020.05.14"]
[SourceVersionDate "2020.05.14"]
[WhiteTeam "Bristol"]
[BlackTeam "Covent Garden"]
[WhiteTeamCountry "ENG"]
[BlackTeamCountry "ENG"]

1. Nf3 Nf6 2. c4 c5 3. Nc3 d5 4. cxd5 Nxd5 5. d4 cxd4 6. Qxd4 Nxc3 7. Qxc3 Nc6
8. e4 e6 9. Bb5 Bd7 10. O-O Qb6 11. Ba4 Qb4 12. Qc2 Qc5 13. Qe2 Be7 14. Rd1 Rd8
15. Bf4 O-O 16. Rac1 Qa5 17. Qb5 Qxb5 18. Bxb5 e5 19. Be3 a6 20. Ba4 Be6 21.
Rxd8 Bxd8 22. Bxc6 bxc6 23. a3 Bf6 24. Rxc6 Ra8 25. Bd2 Bc8 26. Bc3 Bb7 27. Rc4
Re8 28. Nd2 Bd8 29. Rb4 Bc6 30. Rb8 f6 31. Nc4 Bc7 32. Rxe8+ Bxe8 33. f3 Kf7
34. Kf2 Ke6 35. Ba5 Bb5 36. Bxc7 Bxc4 37. Ke3 Bf1 38. g3 g6 39. f4 exf4+ 40.
gxf4 g5 41. f5+ Kd7 42. Bb6 h5 43. Bc5 g4 44. Kf4 Ke8 45. Bf2 Kf7 46. b4 Bb5
47. Bh4 Ba4 48. e5 fxe5+ 49. Kxe5 Bc2 50. f6 Bb3 51. Kd6 Ba2 52. a4 Bc4 53. Kc5
Bb3 54. b5 axb5 55. axb5 Ke6 56. f7 Kxf7 57. b6 1-0

[Event "4NCL9495 2nd Season"]
[Site "Various Venues"]
[Date "1995.03.19"]
[Round "10.4"]
[White "Lyell, Mark"]
[Black "Phillips, Roy Jean Noel"]
[Result "1-0"]
[WhiteElo "2260"]
[BlackElo "2130"]
[PlyCount "97"]
[EventDate "1994.10.01"]
[EventType "team-tourn"]
[EventRounds "11"]
[EventCountry "GBR"]
[SourceTitle "BritBase 14May2020"]
[SourceDate "2020.05.14"]
[SourceVersionDate "2020.05.14"]
[WhiteTeam "Covent Garden"]
[BlackTeam "Bristol"]
[WhiteTeamCountry "ENG"]
[BlackTeamCountry "ENG"]

1. e4 e5 2. Nc3 Nf6 3. f4 d5 4. fxe5 Nxe4 5. Qf3 Nxc3 6. dxc3 Qh4+ 7. g3 Qe4+
8. Qxe4 dxe4 9. Bg2 Bf5 10. Ne2 Nd7 11. Nd4 Bg6 12. e6 Nf6 13. O-O Bc5 14.
exf7+ Kxf7 15. g4 h6 16. h4 Rad8 17. Be3 Kg8 18. Nf5 Bxe3+ 19. Nxe3 Kh7 20.
Rad1 Rhe8 21. h5 Bf7 22. Rxd8 Rxd8 23. Bxe4+ Kg8 24. Bf5 Re8 25. Kf2 Ne4+ 26.
Bxe4 Rxe4 27. Rd1 Kf8 28. Rd4 Re5 29. Kf3 Ke7 30. Kf4 Rc5 31. c4 a5 32. b3 Be6
33. Nd5+ Kf7 34. Ke3 c6 35. Rf4+ Ke8 36. Nc7+ Kd7 37. Nxe6 Kxe6 38. Kd4 Rg5 39.
c3 Kd6 40. b4 b6 41. a3 c5+ 42. Ke3 Re5+ 43. Re4 Rg5 44. Kf4 g6 45. hxg6 Rxg6
46. Kf5 Rg5+ 47. Kf6 Kc7 48. Re7+ Kb8 49. Rg7 1-0

[Event "4NCL9495 2nd Season"]
[Site "Various Venues"]
[Date "1995.03.19"]
[Round "10.7"]
[White "Binks, Michael E"]
[Black "Lazarus, Simon E"]
[Result "1/2-1/2"]
[WhiteElo "2110"]
[BlackElo "2088"]
[PlyCount "48"]
[EventDate "1994.10.01"]
[EventType "team-tourn"]
[EventRounds "11"]
[EventCountry "GBR"]
[SourceTitle "BritBase 14May2020"]
[SourceDate "2020.05.14"]
[SourceVersionDate "2020.05.14"]
[WhiteTeam "Bristol"]
[BlackTeam "Covent Garden"]
[WhiteTeamCountry "ENG"]
[BlackTeamCountry "ENG"]

1. d4 d5 2. Nf3 Nf6 3. Bf4 g6 4. e3 Bg7 5. Bd3 O-O 6. h3 c5 7. c3 Nc6 8. Nbd2
Nd7 9. O-O e5 10. dxe5 Ndxe5 11. Bc2 b6 12. Nxe5 Nxe5 13. Nf3 Nc4 14. Qc1 Qe7
15. Rd1 Bb7 16. Bb3 Rad8 17. Qc2 Ne5 18. Nxe5 Bxe5 19. Bxe5 Qxe5 20. Re1 Qg5
21. f3 d4 22. cxd4 cxd4 23. exd4 Rxd4 24. Qf2 Rd2 1/2-1/2